The listener's guide to chamber music /

Bibliographic Details
Main Author: Headington, Christopher
Format: Book
Language:English
Published: [New York City ?] : Facts on File, 1982.
Series:Listener's guide series.
Subjects:

MARC

Tag First Indicator Second Indicator Subfields
LEADER 00000pam a2200000 a 4500
001 in00000098155
005 20150924085633.0
008 810701s1982 nyuc b 00110 eng
010 |a  81009823  
020 |a 0871965666 :  |c $11.95 
035 |a (OCoLC)07597866 
035 |9 AAK9521AM 
039 0 |a 2  |b 3  |c 3  |d 3  |e 3 
040 |a DLC  |c DLC  |d TXA  |d UtOrBLW 
049 |a TXAM  |c [1673736] 
050 0 0 |a ML1100  |b .H3 
082 0 |a 785.7/001/5  |2 19 
100 1 |a Headington, Christopher. 
245 1 4 |a The listener's guide to chamber music /  |c Christopher Headington. 
264 1 |a [New York City ?] :  |b Facts on File,  |c 1982. 
300 |a 138 pages :  |b portraits ;  |c 24 cm. 
336 |a text  |b txt  |2 rdacontent 
337 |a unmediated  |b n  |2 rdamedia 
338 |a volume  |b nc  |2 rdacarrier 
490 1 |a The Listener's guide series 
500 |a "A Quarto book." 
504 |a Includes discographies and index. 
650 0 |a Chamber music  |x History and criticism. 
650 0 |a Chamber music  |x Discography. 
830 0 |a Listener's guide series. 
999 |a MARS 
999 f f |s 65a5b9a4-6f9d-3b63-ae04-8e8e3264daf2  |i 70c492a1-98fe-356b-aab7-d9010fb71327  |t 0 
952 f f |p ric  |a Texas A&M University  |b Rellis Campus  |c Joint Library Facility  |d Remote Storage  |t 0  |e ML1100 .H3  |h Library of Congress classification  |i unmediated -- volume  |m A14806024538 
998 f f |a ML1100 .H3  |t 0  |l Remote Storage